000 00263nam a2200109Ia 4500
008 240625s9999 xx 000 0 und d
041 _aeng
082 _a332.63 PRI
100 _aPRING S MARTIN
245 _aCOMPLETE GUIDE TO TECHNICAL ANALYSIS AN
260 _c2015
999 _c39525
_d39525